000
00307nam a2200121Ia 4500
008
220615s9999||||xx |||||||||||||| ||und||
020
_a
9781840000000
245
0
_a
Emerging Contaminants
546
_a
English[eng]
700
_a
Nuro, Aurel
856
_u
https://www.intechopen.com/books/10030
942
_c
EB
999
_c
15096
_d
15096